000 00615nam a2200205Ia 4500
003 GCL
008 140319s9999 xx 000 0 ara d
040 _aGCL /
_cGCL
082 0 4 _aد
_b050
100 1 _aابراهيم عصمت مطاوع
245 1 0 _aالتعليم والتنمية الريفية المتكاملة ( اقرا 524 ) /
_cابراهيم عصمت مطاوع
300 _a123 ص
490 _aوثائق ونصوص
_v0
650 0 4 _aالتعليم
650 0 4 _aالتنمية
650 0 4 _aالاحوال الريفية
650 0 4 _aالقرى
650 0 4 _aالريف
942 _2ddc
_cCF
999 _c27263
_d27263